00516 2200169 4500245006300000020001800063250001100081100002500092650001700117005001900134260003200153041001400185084000800199300001500207500011500222336000900337 aTemukan Aku dalam IstikharahmucE. Sabila El RaihanyhText a979-3383-82-8 aCet. 1 aE. Sabila El Raihany aNovel Islami a20231005132449 aYogyakartabCakrawalac2009 aIndonesia a813 a135 hlm. : ademi allah, aku tidak menemukan kalian dalam istikharahku. itu berarti... alfi tidak melanjutkan kata-katanya. atext